| 000 | 00000nas##2200000za#4500 |
| 001 | 9.513768 |
| 003 | CaOODSP |
| 005 | 20200421163106 |
| 007 | ta |
| 008 | 150406c2006||||xxc|| m #||||f| |0fre|d |
| 040 | |aCaOODSP|bfre |
| 043 | |an-cn--- |
| 086 | 1 |aNH18-1-5F |
| 110 | 2 |aSociété canadienne d'hypothèques et de logement. |
| 245 | 10|aSérie sur les besoins particuliers de logement |
| 246 | 3 |aRapport de recherche |
| 260 | |aOttawa - Ontario : |bSociété canadienne d'hypothèques et de logement |
| 310 | |aIrrégulier |
| 563 | |aReliure à spirale |
| 775 | 08|tDistinct housing needs series |w(CaOODSP)9.515444 |
| 776 | 0#|tRapport de recherche. Série sur les besoins particuliers de logement |w(CaOODSP)9.501640 |